Studying on colic disease in pony in srey sontour district, kampong cham province, ការសិក្សាពីជំងឺ(Colic) ទៅលើសត្វសេះនៅស្រុកស្រីសន្ធរ ខេត្តកំពង់ចាម. (Record no. 2476)

000 -LEADER
fixed length control field 00610nam a22001337a 4500
040 ## - CATALOGING SOURCE
Transcribing agency RUA
082 ## - DEWEY DECIMAL CLASSIFICATION NUMBER
Classification number AVM SOK 2012 B0100 Or.1
100 ## - MAIN ENTRY--AUTHOR NAME
Personal name SOK, PISETH.
245 ## - TITLE STATEMENT
Title Studying on colic disease in pony in srey sontour district, kampong cham province, ការសិក្សាពីជំងឺ(Colic) ទៅលើសត្វសេះនៅស្រុកស្រីសន្ធរ ខេត្តកំពង់ចាម.
260 ## - PUBLICATION, DISTRIBUTION, ETC. (IMPRINT)
Place of publication phnom phen
Name of publisher RUA
Year of publication 2012
300 ## - PHYSICAL DESCRIPTION
Number of Pages X,60p.
Other physical details ill.
Dimensions 29cm.
856 ## - ELECTRONIC LOCATION AND ACCESS
Uniform Resource Identifier https://drive.google.com/file/d/1BoX8dSKKeJsMBgmUORoakaMv_2BmW-4F/view?usp=sharing
942 ## - ADDED ENTRY ELEMENTS (KOHA)
Koha item type AVM
952 ## - LOCATION AND ITEM INFORMATION (KOHA)
Withdrawn status [LOCAL, KOHA] 0
952 ## - LOCATION AND ITEM INFORMATION (KOHA)
Withdrawn status [LOCAL, KOHA] 0
952 ## - LOCATION AND ITEM INFORMATION (KOHA)
Withdrawn status [LOCAL, KOHA] 0
952 ## - LOCATION AND ITEM INFORMATION (KOHA)
Withdrawn status [LOCAL, KOHA] 0
952 ## - LOCATION AND ITEM INFORMATION (KOHA)
Withdrawn status [LOCAL, KOHA] 0
952 ## - LOCATION AND ITEM INFORMATION (KOHA)
Withdrawn status [LOCAL, KOHA] 0
952 ## - LOCATION AND ITEM INFORMATION (KOHA)
Withdrawn status [LOCAL, KOHA] 0
952 ## - LOCATION AND ITEM INFORMATION (KOHA)
Withdrawn status [LOCAL, KOHA] 0
Holdings
Permanent Location Date acquired Koha item type Lost status Shelving location Barcode Current Location Full call number
Library Block B2015-10-21AVM B100RUA018247Library Block BAVM SOK 2012 B100 Or.1
Library Block B2015-10-21AVM B100RUA011314Library Block BAVM SOK 2012 B100 Or.2
Library Block B2015-10-21AVM B100RUA016580Library Block BAVM SOK 2012 B100 Or.3
Library Block B2015-10-21AVM B100RUA019517Library Block BAVM SOK 2012 B100 Or.4
Library Block B2015-10-21AVM B100RUA011102Library Block BAVM SOK 2012 B100 Or.5
Library Block B2015-10-21AVM B100RUA011030Library Block BAVM SOK 2012 B100 Or.6
Library Block B2015-10-21AVM B100RUA011318Library Block BAVM SOK 2012 B100 Or.7
Library Block B2016-02-04AVM B100RUA41182Library Block BAVM SOK 2012 B0100 Or.8
មជ្ឈមណ្ឌលឯការនៃសាកលវិទ្យាល័យភូមិន្ទកសិកម្មចំការដូង

Powered by Koha